|
|
|
|
| LEADER |
00000cam a2200000 a 4500 |
| 001 |
UCD6902 |
| 003 |
CL-VaPUC |
| 008 |
170303e19960000sp |||||||||||||||||spa|d |
| 020 |
|
|
|a 844930234X
|
| 082 |
0 |
4 |
|a 158.5
|b EDE
|2 21
|
| 100 |
0 |
|
|a Edelman, Joel
|e author
|9 590778
|
| 700 |
0 |
|
|a Crain, Mary Beth
|e author
|9 590779
|
| 245 |
1 |
3 |
|a El Tao de la negociación: cómo prevenir, resolver o superar los conflictos de la vida diaria
|
| 250 |
|
|
|a 1a. ed
|
| 300 |
|
|
|a 271 p
|
| 942 |
|
|
|c BK
|
| 945 |
|
|
|d 20170303 17:35:00
|a dcastane
|
| 260 |
|
|
|a Barcelona
|b Paidós
|c 1996
|
| 650 |
|
0 |
|a Resolución de conflictos
|9 434922
|
| 650 |
|
0 |
|a Negociación
|9 307187
|
| 583 |
|
|
|a last modification
|c 20170303 17:35:00
|k Rodrigo Vera
|
| 999 |
|
|
|c 367079
|d 367077
|
| 952 |
|
|
|0 0
|1 0
|3 erb
|4 0
|6 158_500000000000000_EDE_1996
|7 0
|8 A
|9 481762
|a BIBENE
|b BIBENE
|i 5329396
|o 158.5 EDE 1996
|p 5329396
|r 2025-01-15
|w 2019-11-24
|y BK
|z Catalogado en:20170303
|k ICO
|